000
00266nam a2200097Ia 4500
008
230915s9999 xx 000 0 und d
050
_a
RM300.G66
100
_a
JOEL G. HARDMAN
245
0
_a
GOODMAN AND GILMAN'S THE PHARMACOLOGICAL BASIS OF THERAPEUTICS
942
_c
BK
999
_c
199537
_d
199537